A super agency primer (Record no. 78297)

MARC details
000 -LEADER
fixed length control field 00788cab a2200205 4500
001 - CONTROL NUMBER
control field L136446
008 - FIXED-LENGTH DATA ELEMENTS--GENERAL INFORMATION
fixed length control field 070131n2007 000 0 eng u
035 ## - SYSTEM CONTROL NUMBER
System control number (Sirsi) u136446
041 0# - LANGUAGE CODE
Language code of text/sound track or separate title eng
100 1# - MAIN ENTRY--PERSONAL NAME
Personal name Gardiner, Joey
245 02 - TITLE STATEMENT
Title A super agency primer
260 ## - PUBLICATION, DISTRIBUTION, ETC.
Date of publication, distribution, etc. 2007
490 00 - SERIES STATEMENT
Series statement Regeneration and Renewal
Volume/sequential designation 26 January 2007, 18-19(2)
520 ## - SUMMARY, ETC.
Summary, etc. Looks at what is - and isn't - known about England's new housing regeneration agency, Communities England. Asks what the agency will do, how much money it will have to spend, whether it will take on other roles, and what the interim arrangements are, amongst other issues.
590 ## - LOCAL NOTE (RLIN)
Local note KA
650 24 - SUBJECT ADDED ENTRY--TOPICAL TERM
Topical term or geographic name entry element COMMUNITIES ENGLAND
651 #4 - SUBJECT ADDED ENTRY--GEOGRAPHIC NAME
Geographic name England
Chronological subdivision 886-
690 ## - LOCAL SUBJECT ADDED ENTRY--TOPICAL TERM (OCLC, RLIN)
Topical term or geographic name as entry element PROPERTY-PROPERTY MANAGEMENT-REGENERATION
942 ## - ADDED ENTRY ELEMENTS (KOHA)
Suppress in OPAC 0
Holdings
Withdrawn status Lost status Source of classification or shelving scheme Damaged status Not for loan Home library Current library Shelving location Date acquired Total Checkouts Full call number Barcode Date last seen Copy number Price effective from Koha item type
    Dewey Decimal Classification     London London Journal article 31/01/2007   L136446 136446-1001 06/08/2019 1 06/08/2019 Journal article